|
|
|
|
| LEADER |
00000nam a22000007a 4500 |
| 005 |
20210908005319.0 |
| 007 |
cr|||| |||| |
| 008 |
210908s2021 es |||||s|||| 00||0 spa d |
| 020 |
|
|
|a 978-84-1377-557-9
|
| 035 |
|
|
|a 35121
|
| 040 |
|
|
|a vLex
|
| 090 |
|
|
|c 12320
|d 12320
|
| 100 |
1 |
|
|a Sǹchez de Rojas Da̕z, Emilio
|
| 245 |
1 |
0 |
|a Negociacin̤ y mediacin̤ para la resolucin̤ de conflictos
|h [Recurso electrn̤ico] :
|b Una aproximacin̤ con estudios de caso /
|c Emilio Sǹchez de Rojas Da̕z, Cristina del Prado Higuera
|
| 256 |
|
|
|a Servicio en ln̕ea
|
| 260 |
|
|
|a Madrid:
|b Dykinson,
|c 2021
|
| 300 |
|
|
|a 1 recurso electrn̤ico
|
| 506 |
1 |
|
|a Disponible solo en los productos indicados
|d vLex Global
|d vLex Global (Academic Edition, excluding Law Schools)
|d vLex Global (U.S. Academic Edition, Law Schools)
|d vLex Global (U.S. Academic Edition, excluding Law Schools)
|d vLex Global (Academic Edition, Law Schools)
|
| 650 |
0 |
4 |
|a Derecho Procesal
|z Espaą
|
| 700 |
1 |
|
|a Prado Higuera, Cristina del
|
| 740 |
0 |
|
|a vLex Libros (Servicio en ln̕ea)
|
| 856 |
4 |
0 |
|u https://app.vlex.com/#/sources/35121
|z Acceso restringido
|
| 942 |
|
|
|c BOOK
|
| 999 |
0 |
|
|a Procedural law
|